Pays du Pacte de Varsovie - Mort subite - Statistiques

Statistiques générales
  • Ce quiz a été pris 1 590 fois
  • Le résultat moyen est 3 sur 8
Answers on the Grid
Answers color-coded by a green-red scale on the quiz's grid according to % correct below.
Albanie
Union soviétique
Roumanie
Bulgarie
République fédérale d’Allemagne
Tchécoslovaquie
République démocratique d’Allemagne
Pologne
Hongrie
Yougoslavie
Ukraine
Arménie
Kazakhstan
Autriche-Hongrie
Cuba
Finlande
Corée du Nord
Chine
Mongolie
Turquie
Grèce
 
Statistiques - réponses
Réponse % Correct
Union soviétique
56%
Pologne
53%
République démocratique d’Allemagne
45%
Tchécoslovaquie
42%
Hongrie
40%
Roumanie
40%
Bulgarie
38%
Albanie
19%
Aucun quiz correspondant
Distribution des résultats
% des personnes avec chaque résultat
Percentile par nombre de réponses
Votre historique - résultats
Vous n’avez pas pris ce quiz